|
|
|
|
| LEADER |
00000nam0a2200000 4500 |
| 001 |
33765 |
| 005 |
20251219135156.0 |
| 035 |
|
|
|a (RuTPU)RU\TPU\book\34135
|
| 035 |
|
|
|a BOOK00000786
|
| 090 |
|
|
|a 33765
|
| 100 |
|
|
|a 20011210d1984 m y0rusy50 ca
|
| 101 |
0 |
|
|a rus
|
| 102 |
|
|
|a RU
|
| 105 |
|
|
|a y j 000zy
|
| 200 |
1 |
|
|a Основы электроснабжения промышленных предприятий
|e учебное пособие
|f А. А. Федоров, В. В. Каменева
|
| 205 |
|
|
|a 4-е изд., перераб. и доп.
|
| 210 |
|
|
|a Москва
|c Энергоатомиздат
|d 1984
|
| 215 |
|
|
|a 472 с.
|
| 451 |
|
1 |
|0 (RuTPU)RU\TPU\book\170375
|t Основы электроснабжения промышленных предприятий
|o учебное пособие
|f А. А. Федоров, В. В. Каменева
|e 3-е изд., перераб. и доп.
|c М.
|n Энергия
|d 1979
|p 408 с.
|a Федоров, Анатолий Анатольевич
|
| 606 |
1 |
|
|a Промышленные предприятия
|x Электроснабжение
|x Эффективность
|2 stltpush
|3 (RuTPU)RU\TPU\subj\52736
|9 71139
|
| 610 |
1 |
|
|a системы электроснабжения
|
| 610 |
1 |
|
|a построение
|
| 610 |
1 |
|
|a расчеты
|
| 610 |
1 |
|
|a трансформаторы
|
| 610 |
1 |
|
|a кабели
|
| 610 |
1 |
|
|a учебные пособия
|
| 675 |
|
|
|a 658.26:621.31(075.8)
|v 3
|
| 700 |
|
1 |
|a Федоров
|b А. А.
|g Анатолий Анатольевич
|
| 701 |
|
1 |
|a Каменева
|b В. В.
|g Валентина Васильевна
|
| 801 |
|
0 |
|a RU
|b 63413507
|c 20011210
|g PSBO
|
| 801 |
|
2 |
|a RU
|b 63413507
|c 20201109
|g PSBO
|
| 942 |
|
|
|c BK
|